5HLuxD.jpg

KING HENRY VIII SENIOR AND PRIMARY SCHOOL LIBRARY OPAC

Le chercheur d'or / (Record no. 113)

000 -LEADER
fixed length control field 01007cam a2200337 i 4500
001 - CONTROL NUMBER
control field vtls001490489
003 - CONTROL NUMBER IDENTIFIER
control field VRT
005 - DATE AND TIME OF LATEST TRANSACTION
control field 20190726103201.0
008 - FIXED-LENGTH DATA ELEMENTS--GENERAL INFORMATION
fixed length control field 131127t20101985fr g 000 f fre d
020 ## - INTERNATIONAL STANDARD BOOK NUMBER
International Standard Book Number 2070380823 (pbk.)
020 ## - INTERNATIONAL STANDARD BOOK NUMBER
International Standard Book Number 9782070380824 (pbk.):
035 ## - SYSTEM CONTROL NUMBER
System control number (OCoLC)ocn612353675
040 ## - CATALOGING SOURCE
Original cataloging agency NUKAT
Language of cataloging eng
Description conventions rda
Transcribing agency NUKAT
Modifying agency TKU
042 ## - AUTHENTICATION CODE
Authentication code nbic
082 ## - DEWEY DECIMAL CLASSIFICATION NUMBER
Classification number FIC LE
100 1# - MAIN ENTRY--PERSONAL NAME
Personal name Le Clézio, J.-M. G.
Fuller form of name (Jean-Marie Gustave),
Dates associated with a name 1940-
Relator term author.
245 13 - TITLE STATEMENT
Title Le chercheur d'or /
Statement of responsibility, etc. J. M. G. Le Clézio.
264 #1 - PRODUCTION, PUBLICATION, DISTRIBUTION, MANUFACTURE, AND COPYRIGHT NOTICE
Place of production, publication, distribution, manufacture Paris :
Name of producer, publisher, distributor, manufacturer Gallimard,
Date of production, publication, distribution, manufacture, or copyright notice 2010.
264 #4 - PRODUCTION, PUBLICATION, DISTRIBUTION, MANUFACTURE, AND COPYRIGHT NOTICE
Date of production, publication, distribution, manufacture, or copyright notice ©1985.
300 ## - PHYSICAL DESCRIPTION
Extent 374 pages ;
Dimensions 18 cm.
336 ## - CONTENT TYPE
Content type term text
Source rdacontent.
337 ## - MEDIA TYPE
Media type term unmediated
Source rdamedia.
338 ## - CARRIER TYPE
Carrier type term volume
Source rdacarrier.
490 1# - SERIES STATEMENT
Series statement Collection Folio,
International Standard Serial Number 0768-0732 ;
Volume/sequential designation 2000.
650 #0 - SUBJECT ADDED ENTRY--TOPICAL TERM
Topical term or geographic name entry element French fiction.
650 #0 - SUBJECT ADDED ENTRY--TOPICAL TERM
Topical term or geographic name entry element Quests (Expeditions)
Form subdivision Fiction.
650 #0 - SUBJECT ADDED ENTRY--TOPICAL TERM
Topical term or geographic name entry element Treasure troves
Form subdivision Fiction.
651 #0 - SUBJECT ADDED ENTRY--GEOGRAPHIC NAME
Geographic name Mauritius
Form subdivision Fiction.
830 #0 - SERIES ADDED ENTRY--UNIFORM TITLE
Uniform title Collection Folio,
International Standard Serial Number 0768-0732 ;
Volume/sequential designation 2000.
942 ## - ADDED ENTRY ELEMENTS (KOHA)
Source of classification or shelving scheme
Koha item type Books - Fiction
Holdings
Withdrawn status Lost status Source of classification or shelving scheme Damaged status Not for loan Collection code Permanent Location Current Location Shelving location Date acquired Full call number Barcode Date last seen Price effective from Koha item type
          Fiction KH8 Senior School Library KH8 Senior School Library Fiction 2019-07-26 FIC LE 3KHSL000101016 2024-07-17 2019-07-26 Books - Fiction

Powered By KH8 IT Dept